| 000 | 00332nam a2200133 4500 | ||
|---|---|---|---|
| 005 | 20260530115302.0 | ||
| 100 | 1 |
_aMonie Niesewand _931393 |
|
| 245 | 1 | 0 | _aLightning |
| 264 | 1 |
_bWhitney Library of Design _c1999 |
|
| 300 | _a176 páginas | ||
| 336 |
_atexto _2rdacontent |
||
| 337 |
_asin medio _2rdamedia |
||
| 338 |
_avolumen _2rdacarrier |
||
| 999 |
_c12908 _d12908 |
||